[Event "Arco op 44th"]
[Site "Arco"]
[Date "2022.10.13"]
[Round "6"]
[White "Pretto, Aldo"]
[Black "Seiler, Franz"]
[Result "1-0"]
[WhiteElo "1743"]
[BlackElo "1598"]
[PlyCount "43"]
[EventDate "2022.10.08"]
[EventType "swiss"]
[EventRounds "9"]
[EventCountry "ITA"]
[SourceTitle "CBM 210 Extra"]
[Source "ChessBase"]
[SourceDate "2022.11.30"]
[SourceVersion "1"]
[SourceVersionDate "2022.11.30"]
[SourceQuality "1"]

1. c4 e6 2. g3 c6 3. Bg2 Nf6 4. Nc3 Bb4 5. Nf3 Bxc3 6. bxc3 d5 7. cxd5 cxd5 8. Ba3 Nc6 9. 0-0 Ne4 10. Qc2 Nd6 11. d3 b5 12. e4 Ne7 13. exd5 Nxd5 14. c4 bxc4 15. dxc4 Ne7 16. Rfd1 0-0 17. Bxd6 Qe8 18. Ne5 Ba6 19. Bxa8 Qxa8 20. Bxe7 Rc8 21. c5 Bb7 22. c6 1-0

[Event "Arco op 43rd"]
[Site "Arco"]
[Date "2021.10.16"]
[Round "8"]
[White "Navarra, Stefano"]
[Black "Pretto, Aldo"]
[Result "0-1"]
[WhiteElo "1493"]
[BlackElo "1746"]
[PlyCount "72"]
[EventDate "2021.10.09"]
[EventType "swiss"]
[EventRounds "9"]
[EventCountry "ITA"]
[SourceTitle "CBM 204 Extra"]
[Source "ChessBase"]
[SourceDate "2021.11.30"]
[SourceVersion "1"]
[SourceVersionDate "2021.11.30"]
[SourceQuality "1"]

1. d4 d6 2. e3 g6 3. Bd3 Bg7 4. Nf3 Nd7 5. Nbd2 c5 6. c3 d5 7. 0-0 c4 8. Bc2 Ngf6 9. Ne5 Nxe5 10. dxe5 Nd7 11. f4 e6 12. Qf3 0-0 13. Qh3 f5 14. g4 fxg4 15. Qxg4 Nc5 16. Nf3 b6 17. Bxg6 hxg6 18. Qxg6 Qe8 19. Qg4 Ne4 20. Ng5 Qg6 21. h4 Nxg5 22. hxg5 Bd7 23. Rf3 Kf7 24. Bd2 Rh8 25. Rh3 Rxh3 26. Qxh3 Rh8 27. Qg2 Ke7 28. Rf1 Rh5 29. Rf2 Bxe5 30. e4 Bd6 31. Be3 dxe4 32. Qf1 Qh7 33. Qg2 Bc6 34. Kf1 Rh1+ 35. Ke2 Qh5+ 36. Kd2 Qd1# 0-1

[Event "Arco op 43rd"]
[Site "Arco"]
[Date "2021.10.11"]
[Round "3"]
[White "Pretto, Aldo"]
[Black "Meyer, Thorsten1111"]
[Result "0-1"]
[WhiteElo "1746"]
[BlackElo "1971"]
[PlyCount "56"]
[EventDate "2021.10.09"]
[EventType "swiss"]
[EventRounds "9"]
[EventCountry "ITA"]
[SourceTitle "CBM 204 Extra"]
[Source "ChessBase"]
[SourceDate "2021.11.30"]
[SourceVersion "1"]
[SourceVersionDate "2021.11.30"]
[SourceQuality "1"]

1. c4 d6 2. g3 e5 3. Bg2 g6 4. Nc3 Bg7 5. e4 Nc6 6. Nge2 Nge7 7. 0-0 0-0 8. d3 f5 9. f4 fxe4 10. Nxe4 Nf5 11. N2c3 Nfd4 12. a3 Ne7 13. Be3 Nef5 14. Bxd4 exd4 15. Nd5 c6 16. Nb4 Ne3 17. Qb3 Nxf1 18. Rxf1 Kh8 19. c5 dxc5 20. Nxc5 Qe7 21. Ne4 Be6 22. Qd1 Rae8 23. Re1 Bg8 24. Nc2 Qc7 25. Re2 c5 26. Ne1 b5 27. Qc1 c4 28. dxc4 bxc4 0-1

[Event "Arco op 43rd"]
[Site "Arco"]
[Date "2021.10.10"]
[Round "2"]
[White "Pretto, Aldo"]
[Black "Jirillo, Antonio"]
[Result "1-0"]
[WhiteElo "1746"]
[BlackElo "1486"]
[PlyCount "53"]
[EventDate "2021.10.09"]
[EventType "swiss"]
[EventRounds "9"]
[EventCountry "ITA"]
[SourceTitle "CBM 204 Extra"]
[Source "ChessBase"]
[SourceDate "2021.11.30"]
[SourceVersion "1"]
[SourceVersionDate "2021.11.30"]
[SourceQuality "1"]

1. c4 e5 2. g3 Nc6 3. Bg2 Nf6 4. Nc3 Bc5 5. e3 0-0 6. Nge2 d6 7. 0-0 Be6 8. d4 exd4 9. exd4 Bb4 10. d5 Bg4 11. dxc6 b6 12. Qb3 Bc5 13. Nf4 Re8 14. Nd3 Qc8 15. Nxc5 dxc5 16. Bg5 Qf5 17. Bxf6 gxf6 18. Nd5 Re2 19. Rae1 Rae8 20. Rxe2 Bxe2 21. Re1 Kg7 22. Ne3 Qh5 23. Qc2 Bg4 24. Qd2 Be6 25. Nd5 Rd8 26. Qf4 f5 27. Qe5+ 1-0

[Event "Arco op 42nd"]
[Site "Arco"]
[Date "2020.10.14"]
[Round "5.47"]
[White "Liloni, Francesco Mattia"]
[Black "Pretto, Aldo"]
[Result "0-1"]
[WhiteElo "1566"]
[BlackElo "1744"]
[PlyCount "54"]
[EventDate "2020.10.10"]
[EventType "swiss"]
[EventRounds "9"]
[EventCountry "ITA"]
[SourceTitle "CBM 198 Extra"]
[Source "ChessBase"]
[SourceDate "2020.11.30"]
[SourceVersion "1"]
[SourceVersionDate "2020.11.30"]
[SourceQuality "1"]

1. e4 d6 2. d4 Nf6 3. Nc3 g6 4. f4 Bg7 5. Nf3 0-0 6. e5 Nfd7 7. Bc4 Nb6 8. Bb3 Nc6 9. 0-0 Na5 10. Be3 Nxb3 11. axb3 Bg4 12. h3 Bd7 13. Qd2 e6 14. Ne4 Bc6 15. Ng3 Nd5 16. Bf2 Bh6 17. Ng5 Nxf4 18. Be3 Nxg2 19. Rf6 Nxe3 20. Qxe3 dxe5 21. dxe5 Qd5 22. Rf2 f6 23. h4 fxg5 24. hxg5 Rxf2 25. Qxf2 Rf8 26. Qe2 Bxg5 27. Rf1 Qd4+ 0-1

[Event "Arco op 41st"]
[Site "Arco"]
[Date "2019.10.10"]
[Round "7"]
[White "Tencheni, Maurizio"]
[Black "Pretto, Aldo"]
[Result "0-1"]
[WhiteElo "1582"]
[BlackElo "1762"]
[PlyCount "46"]
[EventDate "2019.10.04"]
[EventType "swiss"]
[EventRounds "9"]
[EventCountry "ITA"]
[SourceTitle "EXT 2020"]
[Source "ChessBase"]
[SourceDate "2019.10.17"]
[SourceVersion "1"]
[SourceVersionDate "2019.10.17"]
[SourceQuality "1"]

1. Nf3 d6 2. g3 e5 3. d3 f5 4. Bg2 Nf6 5. Nbd2 Be7 6. e4 0-0 7. 0-0 c6 8. Qe2 Qe8 9. Re1 Nh5 10. Nf1 f4 11. c3 Bg4 12. d4 Qf7 13. N1d2 Nd7 14. Rf1 b5 15. b3 Rae8 16. Bb2 Qe6 17. Rae1 Bh3 18. d5 cxd5 19. exd5 Qf5 20. Qe4 Qg4 21. Qe2 Bxg2 22. Kxg2 fxg3 23. fxg3 Nf4+ 0-1

[Event "Arco op 41st"]
[Site "Arco"]
[Date "2019.10.08"]
[Round "5"]
[White "Simeone, Giulio"]
[Black "Pretto, Aldo"]
[Result "1/2-1/2"]
[WhiteElo "2004"]
[BlackElo "1762"]
[PlyCount "107"]
[EventDate "2019.10.04"]
[EventType "swiss"]
[EventRounds "9"]
[EventCountry "ITA"]
[SourceTitle "EXT 2020"]
[Source "ChessBase"]
[SourceDate "2019.10.17"]
[SourceVersion "1"]
[SourceVersionDate "2019.10.17"]
[SourceQuality "1"]

1. c4 d6 2. d4 e5 3. Nf3 e4 4. Ng5 f5 5. g3 Be7 6. h4 h6 7. Nh3 Nf6 8. Nc3 0-0 9. Nf4 Qe8 10. Bd2 Nc6 11. e3 Bd7 12. Ncd5 Nxd5 13. cxd5 Nd8 14. Bc4 b5 15. Bb3 a5 16. a4 b4 17. Qc2 Rc8 18. Bc4 Ra8 19. Be2 Rf6 20. Qxc7 Nf7 21. 0-0 g5 22. Nh5 Rg6 23. hxg5 hxg5 24. Kg2 Bd8 25. Qc2 Rc8 26. Qd1 Nh6 27. Rh1 Ng4 28. Rh3 Qf7 29. b3 Kf8 30. Rc1 Rh6 31. Rxc8 Bxc8 32. Qh1 Bd7 33. Nf4 Rxh3 34. Nxh3 Qxd5 35. Bc4 Qc6 36. Nxg5 Bxg5 37. Qh8+ Ke7 38. Qg7+ Kd8 39. Qxg5+ Kc7 40. Qg8 Nf6 41. Qf7 d5 42. Bb5 Qd6 43. Bxd7 Nxd7 44. Qxf5 Kc6 45. Qg4 Qf6 46. Qe2 Kc7 47. f4 exf3+ 48. Qxf3 Qc6 49. Qd1 Qg6 50. Qf3 Qc2 51. Qxd5 Qxd2+ 52. Kh3 Qxe3 53. Qxa5+ Kc8 54. Qxb4 1/2-1/2

[Event "Arco op-A 39th"]
[Site "Arco"]
[Date "2017.10.12"]
[Round "6"]
[White "Pretto, Aldo"]
[Black "Leone, Cataldo"]
[Result "1-0"]
[WhiteElo "1736"]
[BlackElo "1589"]
[PlyCount "79"]
[EventDate "2017.10.07"]
[EventType "swiss"]
[EventRounds "9"]
[EventCountry "ITA"]
[SourceTitle "CBM 181 Extra"]
[Source "ChessBase"]
[SourceDate "2017.12.12"]
[SourceVersion "1"]
[SourceVersionDate "2017.12.12"]
[SourceQuality "1"]

1. e4 e5 2. Nf3 Nf6 3. Nxe5 d6 4. Nf3 Nxe4 5. Nc3 Nxc3 6. dxc3 Nc6 7. Be3 Be7 8. Qd2 Bg4 9. Nd4 Bd7 10. 0-0-0 Nxd4 11. Bxd4 0-0 12. Kb1 Re8 13. f3 Bg5 14. f4 Bf6 15. Be2 Bc6 16. Rhg1 Bxd4 17. cxd4 Be4 18. g4 d5 19. g5 Rc8 20. h4 c5 21. dxc5 Rxc5 22. Bd3 Bxd3 23. Qxd3 Re7 24. h5 Rec7 25. c3 g6 26. hxg6 fxg6 27. f5 gxf5 28. Qxf5 Qd7 29. Qd3 Qg7 30. g6 h6 31. Qf5 Qd7 32. Qf4 Qg7 33. Rde1 Rc8 34. Qd6 R5c6 35. Qxd5+ Kh8 36. Qf7 Qxf7 37. gxf7 Rf8 38. Re8 Rc8 39. Rg8+ Kh7 40. Rgxf8 1-0

[Event "Arco op-A 39th"]
[Site "Arco"]
[Date "2017.10.11"]
[Round "5"]
[White "Pretto, Aldo"]
[Black "Morselli, Stefano"]
[Result "0-1"]
[WhiteElo "1736"]
[BlackElo "1849"]
[PlyCount "36"]
[EventDate "2017.10.07"]
[EventType "swiss"]
[EventRounds "9"]
[EventCountry "ITA"]
[SourceTitle "CBM 181 Extra"]
[Source "ChessBase"]
[SourceDate "2017.12.12"]
[SourceVersion "1"]
[SourceVersionDate "2017.12.12"]
[SourceQuality "1"]

1. e4 d6 2. d4 Nf6 3. Nc3 g6 4. g3 Bg7 5. Bg2 0-0 6. Nge2 e5 7. h3 Nc6 8. Be3 exd4 9. Nxd4 Ne5 10. b3 c6 11. 0-0 Qa5 12. Bd2 Qc5 13. Nde2 Qb6 14. Be3 Qc7 15. a4 h6 16. Qd2 Bxh3 17. Nf4 Bxg2 18. Nxg2 Nf3+ 0-1

[Event "Arco op 37th"]
[Site "Arco"]
[Date "2015.10.10"]
[Round "1"]
[White "Pretto, Aldo"]
[Black "Cardilli, Mariano"]
[Result "0-1"]
[WhiteElo "1712"]
[BlackElo "2066"]
[PlyCount "151"]
[EventDate "2015.10.10"]
[EventType "swiss"]
[EventRounds "9"]
[EventCountry "ITA"]
[SourceTitle "CBM 168 Extra"]
[Source "ChessBase"]
[SourceDate "2015.10.29"]
[SourceVersion "1"]
[SourceVersionDate "2015.10.29"]
[SourceQuality "1"]

1. c4 c6 2. g3 d5 3. Bg2 Nf6 4. Nf3 Bf5 5. Qb3 Qb6 6. d3 e6 7. Be3 Qxb3 8. axb3 a6 9. Nh4 Bg6 10. Nxg6 hxg6 11. h3 Nbd7 12. Nc3 Be7 13. 0-0-0 0-0 14. Kc2 Rad8 15. d4 Bb4 16. Na2 Ba5 17. b4 Bc7 18. b3 Bd6 19. c5 Bc7 20. Nc3 e5 21. dxe5 Bxe5 22. Bd4 Rfe8 23. Rhe1 a5 24. Bxe5 Rxe5 25. bxa5 Nxc5 26. e4 d4 27. f4 Ree8 28. e5 Nh5 29. Ne4 d3+ 30. Kc3 Nxe4+ 31. Bxe4 Nxg3 32. Bxd3 Nf5 33. Bxf5 gxf5 34. Kc4 Kf8 35. Kc5 Ke7 36. Kb6 Ra8 37. b4 Rab8 38. Rd2 Rh8 39. Red1 Rxh3 40. Rd7+ Ke8 41. Rxb7 Rxb7+ 42. Kxb7 Rb3 43. Kxc6 Rxb4 44. a6 Ra4 45. Kb7 Rb4+ 46. Ka7 Rxf4 47. Rd6 g5 48. Kb7 Ra4 49. a7 g4 50. a8Q+ Rxa8 51. Kxa8 g3 52. e6 g2 53. Rd1 f4 54. Rg1 f3 55. Kb7 f2 56. Rxg2 f1Q 57. Rg8+ Ke7 58. exf7 Qb5+ 59. Kc7 Kxf7 60. Rd8 Qc5+ 61. Kd7 Kf6 62. Rc8 Qe7+ 63. Kc6 Ke6 64. Rc7 Qd6+ 65. Kb7 Kd5 66. Kc8 Qa6+ 67. Kd7 Qb6 68. Kc8 Qe6+ 69. Kb7 Qe8 70. Kb6 Kd6 71. Kb7 Qb5+ 72. Kc8 Qa6+ 73. Kb8 Qb6+ 74. Rb7 Qd8+ 75. Ka7 Kc6 76. Rb8 0-1

[Event "Arco op 36th"]
[Site "Arco"]
[Date "2014.10.08"]
[Round "5"]
[White "Dalla Vecchia, Paolo"]
[Black "Pretto, Aldo"]
[Result "1-0"]
[WhiteElo "1897"]
[BlackElo "1746"]
[PlyCount "77"]
[EventDate "2014.10.04"]
[EventType "swiss"]
[EventRounds "9"]
[EventCountry "ITA"]
[SourceTitle "EXT 2016"]
[Source "ChessBase"]
[SourceDate "2015.10.08"]
[SourceVersion "1"]
[SourceVersionDate "2015.10.08"]
[SourceQuality "1"]

1. d4 d6 2. Nf3 g6 3. Bf4 Bg7 4. c3 Nd7 5. e4 e5 6. dxe5 dxe5 7. Bg3 Qe7 8. Qc2 Ngf6 9. Nbd2 Nh5 10. Bc4 0-0 11. Bh4 Qc5 12. b4 Qb6 13. Qb3 h6 14. Be7 Nf4 15. Bxf8 Nxf8 16. Bxf7+ Kh7 17. 0-0 Be6 18. Bxe6 N8xe6 19. Nc4 Qc6 20. Rfe1 Nd3 21. Re3 Nef4 22. Rd1 Rd8 23. Ncxe5 Bxe5 24. Nxe5 Qa6 25. b5 Qd6 26. Qf7+ Kh8 27. Qxf4 Nxf4 28. Nf7+ Kg7 29. Nxd6 cxd6 30. e5 d5 31. e6 Re8 32. e7 g5 33. g3 Ng6 34. Rxd5 Nxe7 35. Rd7 Kf8 36. Rxb7 Nc8 37. Rxe8+ Kxe8 38. Rh7 Nd6 39. a4 1-0

[Event "Arco Pasqua op 1st"]
[Site "Arco"]
[Date "2014.04.07"]
[Round "2"]
[White "Pretto, Aldo"]
[Black "Ventura, Sergio"]
[Result "0-1"]
[WhiteElo "1761"]
[BlackElo "2100"]
[PlyCount "52"]
[EventDate "2014.04.06"]
[EventType "swiss"]
[EventRounds "7"]
[EventCountry "ITA"]
[SourceTitle "CBM 160 Extra"]
[Source "ChessBase"]
[SourceDate "2014.07.01"]
[SourceVersion "1"]
[SourceVersionDate "2014.07.01"]
[SourceQuality "1"]

1. e4 d6 2. d4 c6 3. Nc3 Nf6 4. f4 g6 5. Nf3 Bg7 6. Bd3 0-0 7. 0-0 b5 8. h3 a5 9. Be3 b4 10. Ne2 Ba6 11. Qe1 Nbd7 12. a3 c5 13. Bxa6 Rxa6 14. Ng3 Qa8 15. e5 Nd5 16. Bd2 N7b6 17. Qe2 Rc8 18. f5 cxd4 19. fxg6 hxg6 20. Ng5 Rxc2 21. Nxf7 Ne3 22. Qf2 dxe5 23. Nh6+ Bxh6 24. Qf7+ Kh8 25. Rf2 Nbc4 26. Qxg6 Rxg6 0-1

[Event "Arco op 34th"]
[Site "Arco"]
[Date "2012.10.20"]
[Round "8"]
[White "Bergen, Klaus"]
[Black "Pretto, Aldo"]
[Result "0-1"]
[WhiteElo "1927"]
[BlackElo "1733"]
[PlyCount "80"]
[EventDate "2012.10.13"]
[EventType "swiss"]
[EventRounds "9"]
[EventCountry "ITA"]
[SourceTitle "EXT 2013"]
[Source "ChessBase"]
[SourceDate "2012.11.22"]
[SourceVersion "1"]
[SourceVersionDate "2012.11.22"]
[SourceQuality "1"]

1. e4 d6 2. d4 Nf6 3. Nc3 g6 4. f4 Bg7 5. Nf3 0-0 6. Bd3 Na6 7. 0-0 Nb4 8. a3 Nxd3 9. Qxd3 c6 10. h3 b5 11. Be3 a5 12. b4 a4 13. Rad1 Ba6 14. f5 Qc7 15. Qd2 Rad8 16. Bh6 c5 17. Bxg7 Kxg7 18. Qe3 cxb4 19. axb4 Qc4 20. e5 Nd5 21. Nxd5 Qxd5 22. f6+ exf6 23. exf6+ Kxf6 24. Qh6 Ke7 25. Qxh7 Kd7 26. Qg7 Bb7 27. Rde1 Rde8 28. Qf6 Rxe1 29. Rxe1 Re8 30. Rxe8 Kxe8 31. Qh8+ Kd7 32. Qb8 a3 33. Qa7 a2 34. Kf2 Ke7 35. Kg3 Kf6 36. Kf2 Bc8 37. Qa3 Be6 38. Qb2 Ke7 39. Ke3 Qa8 40. Qa1 Qa3+ 0-1

[Event "Arco op 34th"]
[Site "Arco"]
[Date "2012.10.19"]
[Round "7"]
[White "Joerges, Frank"]
[Black "Pretto, Aldo"]
[Result "1-0"]
[WhiteElo "1915"]
[BlackElo "1733"]
[PlyCount "87"]
[EventDate "2012.10.13"]
[EventType "swiss"]
[EventRounds "9"]
[EventCountry "ITA"]
[SourceTitle "EXT 2013"]
[Source "ChessBase"]
[SourceDate "2012.11.22"]
[SourceVersion "1"]
[SourceVersionDate "2012.11.22"]
[SourceQuality "1"]

1. d4 Nf6 2. c4 g6 3. Nc3 Bg7 4. e4 d6 5. Be2 c5 6. d5 a6 7. Bg5 h6 8. Bf4 0-0 9. h3 Nbd7 10. Nf3 Nh5 11. Bh2 Nhf6 12. 0-0 Ne8 13. Qd2 Kh7 14. Rae1 Ne5 15. Nxe5 Bxe5 16. f4 Bd4+ 17. Kh1 f5 18. e5 e6 19. Bf3 Qc7 20. Ne2 dxe5 21. fxe5 Bxe5 22. Bxe5 Qxe5 23. Nf4 Qd6 24. Nxe6 Bxe6 25. Rxe6 Qd8 26. Rfe1 Ng7 27. Re7 Re8 28. Rxb7 Qf6 29. Rxe8 Rxe8 30. Qc3 Qf8 31. Ra7 Re7 32. Rxa6 Qe8 33. Qf6 Re1+ 34. Kh2 Qe3 35. Qxg6+ Kh8 36. Qxh6+ Qxh6 37. Rxh6+ Kg8 38. Rc6 Rb1 39. Rxc5 Rxb2 40. a4 Ne8 41. Rb5 Rd2 42. c5 Nf6 43. c6 Kf7 44. Rc5 1-0

[Event "Arco op 33rd"]
[Site "Arco"]
[Date "2011.10.26"]
[Round "5"]
[White "Pretto, Aldo"]
[Black "Badano, Fabio"]
[Result "1-0"]
[WhiteElo "1732"]
[BlackElo "1741"]
[PlyCount "117"]
[EventDate "2011.10.22"]
[EventType "swiss"]
[EventRounds "9"]
[EventCountry "ITA"]
[SourceTitle "EXT 2012"]
[Source "ChessBase"]
[SourceDate "2011.11.24"]
[SourceVersion "1"]
[SourceVersionDate "2011.11.24"]
[SourceQuality "1"]

1. c4 c5 2. g3 Nf6 3. Bg2 g6 4. Nc3 Bg7 5. d3 0-0 6. e3 d6 7. Nge2 Nc6 8. 0-0 e5 9. Nd5 Ne8 10. Rb1 f5 11. f4 Be6 12. b3 Nf6 13. Nec3 Rc8 14. Bb2 Ne7 15. Nxe7+ Qxe7 16. Qe2 Kh8 17. Kh1 Bd7 18. Nd5 Nxd5 19. cxd5 exf4 20. Bxg7+ Qxg7 21. gxf4 Bb5 22. a4 Ba6 23. Qd2 Rfe8 24. Rfe1 b6 25. e4 fxe4 26. Bxe4 Qd4 27. f5 Rxe4 28. Rxe4 Qxd3 29. Qb2+ Kg8 30. Rbe1 Qxd5 31. Kg1 Qxf5 32. Qf2 Qg5+ 33. Qg3 Qxg3+ 34. hxg3 Rf8 35. Rd1 d5 36. Re7 Rf3 37. Rxd5 Rf1+ 38. Kg2 Rf7 39. Rxf7 Kxf7 40. Rd7+ Ke6 41. Rxh7 Bd3 42. Rxa7 Kd6 43. a5 bxa5 44. Rxa5 Kc6 45. Kf2 Kb6 46. Ra2 Kb5 47. Ke3 Bf5 48. Ra8 Kb4 49. Rb8+ Kc3 50. Rb5 Be6 51. Rxc5+ Kxb3 52. Kf4 Kb4 53. Rc6 Bf5 54. Kg5 Be4 55. Rxg6 Kc5 56. Rf6 Kd5 57. Kf4 Bh7 58. g4 Bg8 59. g5 1-0

[Event "Arco op 33rd"]
[Site "Arco"]
[Date "2011.10.22"]
[Round "1"]
[White "Pretto, Aldo"]
[Black "Beltrami, Nerio"]
[Result "0-1"]
[WhiteElo "1732"]
[BlackElo "1961"]
[PlyCount "86"]
[EventDate "2011.10.22"]
[EventType "swiss"]
[EventRounds "9"]
[EventCountry "ITA"]
[SourceTitle "EXT 2012"]
[Source "ChessBase"]
[SourceDate "2011.11.24"]
[SourceVersion "1"]
[SourceVersionDate "2011.11.24"]
[SourceQuality "1"]

1. c4 Nf6 2. g3 g6 3. Bg2 Bg7 4. Nc3 0-0 5. d3 d6 6. Rb1 Nbd7 7. e4 e5 8. Nge2 c6 9. 0-0 h5 10. Bg5 Nc5 11. Qd2 Kh7 12. h3 Ne6 13. Be3 Ng8 14. f4 Nd4 15. Kh2 f5 16. Ng1 Nh6 17. Nf3 Nxf3+ 18. Bxf3 Be6 19. b3 Qf6 20. Ne2 c5 21. fxe5 dxe5 22. Bxc5 Rfd8 23. Be3 Rd7 24. Bg5 Qf8 25. Nc3 Nf7 26. Nd5 Bxd5 27. cxd5 Nxg5 28. Qxg5 Bh6 29. Qh4 f4 30. g4 Rc8 31. Rbc1 Rdc7 32. Rxc7+ Rxc7 33. gxh5 Rc2+ 34. Rf2 g5 35. Rxc2 gxh4 36. Bg4 f3 37. Bf5+ Kg7 38. Rc7+ Kf6 39. Bg6 Bf4+ 40. Kg1 Qb4 41. Rf7+ Kg5 42. Rf5+ Kh6 43. Rxf4 Qe1+ 0-1

[Event "Arco op 32nd"]
[Site "Arco"]
[Date "2010.10.20"]
[Round "5"]
[White "Pretto, Aldo"]
[Black "Buglisi, Massimo"]
[Result "0-1"]
[WhiteElo "1741"]
[BlackElo "1875"]
[PlyCount "84"]
[EventDate "2010.10.16"]
[EventType "swiss"]
[EventRounds "9"]
[EventCountry "ITA"]
[SourceTitle "EXT 2024"]
[Source "ChessBase"]
[SourceDate "2023.10.10"]
[SourceVersion "1"]
[SourceVersionDate "2023.10.10"]
[SourceQuality "1"]

1. Nf3 Nf6 2. g3 g6 3. Bg2 Bg7 4. 0-0 d6 5. d3 0-0 6. e4 c5 7. Nbd2 Nc6 8. c3 e5 9. a4 h6 10. Re1 Be6 11. Nf1 d5 12. exd5 Nxd5 13. Ne3 Qc7 14. Nxd5 Bxd5 15. Be3 b6 16. Rc1 Rad8 17. Qc2 f5 18. b4 f4 19. Bd2 fxg3 20. Re3 gxf2+ 21. Kf1 c4 22. Kxf2 cxd3 23. Rxd3 e4 24. Rxd5 Rxd5 25. Qxe4 Rxd2+ 26. Kg1 Rd6 27. Re1 Qf7 28. Nh4 Qf2+ 29. Kh1 Qf4 30. Nxg6 Qxe4 31. Bxe4 Re8 32. Bd5+ Rxd5 33. Rxe8+ Kf7 34. Rc8 Kxg6 35. Rxc6+ Kf5 36. c4 Rd2 37. a5 bxa5 38. Rc5+ Ke4 39. Rxa5 Bd4 40. c5 Kf3 41. Ra3+ Kf2 42. h4 Be5 0-1

[Event "Arco op 32nd"]
[Site "Arco"]
[Date "2010.10.19"]
[Round "4"]
[White "Savoia, Serge"]
[Black "Pretto, Aldo"]
[Result "1-0"]
[WhiteElo "1909"]
[BlackElo "1741"]
[PlyCount "67"]
[EventDate "2010.10.16"]
[EventType "swiss"]
[EventRounds "9"]
[EventCountry "ITA"]
[SourceTitle "EXT 2024"]
[Source "ChessBase"]
[SourceDate "2023.10.10"]
[SourceVersion "1"]
[SourceVersionDate "2023.10.10"]
[SourceQuality "1"]

1. e4 e5 2. Nf3 d6 3. d4 exd4 4. Nxd4 Nf6 5. Nc3 Be7 6. Be2 0-0 7. 0-0 Re8 8. f4 d5 9. e5 Ne4 10. Nxe4 dxe4 11. Nb5 Bc5+ 12. Kh1 Qe7 13. Nc3 Rd8 14. Qe1 Bb4 15. a3 Bxc3 16. Qxc3 b6 17. b4 Bb7 18. Bb2 Nd7 19. Bc4 Nf8 20. f5 Qg5 21. Qh3 Bd5 22. Bc1 Qe7 23. Bxd5 Rxd5 24. Bf4 Nd7 25. f6 Qe8 26. Rae1 Rd4 27. Qg3 g6 28. Qe3 c5 29. h4 Rd8 30. g4 Nxe5 31. Bxe5 Rd2 32. Qxe4 Qd7 33. Bc3 Qd5 34. Bxd2 1-0

[Event "Arco op 32nd"]
[Site "Arco"]
[Date "2010.10.16"]
[Round "1"]
[White "Pretto, Aldo"]
[Black "Aigner, Georg"]
[Result "0-1"]
[WhiteElo "1741"]
[BlackElo "1986"]
[PlyCount "92"]
[EventDate "2010.10.16"]
[EventType "swiss"]
[EventRounds "9"]
[EventCountry "ITA"]
[SourceTitle "EXT 2024"]
[Source "ChessBase"]
[SourceDate "2023.10.10"]
[SourceVersion "1"]
[SourceVersionDate "2023.10.10"]
[SourceQuality "1"]

1. Nf3 d5 2. g3 Nf6 3. Bg2 Nbd7 4. 0-0 e5 5. d3 Bd6 6. Nbd2 0-0 7. e4 Nb6 8. Qe2 Re8 9. b3 Bg4 10. h3 Bd7 11. Bb2 d4 12. a4 a5 13. Ne1 c5 14. f4 exf4 15. gxf4 Nfd5 16. e5 Bc7 17. Ne4 Ne3 18. Rf3 Bc6 19. Rg3 Nbd5 20. Qf2 Bb6 21. Bc1 Kh8 22. Bxe3 Nxe3 23. Bh1 Bxe4 24. Bxe4 f6 25. exf6 Qxf6 26. Ng2 Nf5 27. Rg5 Nd6 28. Re1 c4 29. Qf3 cxb3 30. cxb3 Re7 31. Nh4 Rae8 32. Nf5 Nxf5 33. Rxf5 Qxf5 34. Bxf5 Rxe1+ 35. Kf2 R1e7 36. Be4 Rf8 37. f5 g6 38. Kg2 Ref7 39. Bxb7 Rxf5 40. Qc6 R8f6 41. Qe8+ Kg7 42. Qe7+ Rf7 43. Qh4 Rxb7 44. Qe4 Rbf7 45. Qc6 Rg5+ 46. Kh2 Bc7+ 0-1

[Event "Condino op"]
[Site "Condino"]
[Date "2010.07.29"]
[Round "6"]
[White "Weinberg, Emanuele"]
[Black "Pretto, Aldo"]
[Result "0-1"]
[WhiteElo "1843"]
[BlackElo "1694"]
[PlyCount "96"]
[EventDate "2010.07.26"]
[EventType "swiss"]
[EventRounds "7"]
[EventCountry "ITA"]
[SourceTitle "CBM 137 Extra"]
[Source "ChessBase"]
[SourceDate "2010.09.01"]
[SourceVersion "1"]
[SourceVersionDate "2010.09.01"]
[SourceQuality "1"]

1. d4 Nf6 2. c4 e5 3. dxe5 Ne4 4. Nf3 Bb4+ 5. Nbd2 Nc6 6. e3 Qe7 7. Bd3 Nxd2 8. Bxd2 Nxe5 9. Nxe5 Bxd2+ 10. Qxd2 Qxe5 11. 0-0 0-0 12. Qc2 Qh5 13. Be4 d6 14. Bf3 Qe5 15. Rad1 Be6 16. b3 Rab8 17. Rd4 b6 18. Rfd1 Bf5 19. Be4 c5 20. Bxf5 cxd4 21. exd4 Qf6 22. Bxh7+ Kh8 23. Be4 Rbc8 24. Qd3 g6 25. g3 Kg7 26. f4 Rh8 27. Rf1 Rh5 28. g4 Rh4 29. g5 Qe7 30. Qf3 Rch8 31. Rf2 Rh3 32. Qe2 R3h4 33. Kh1 Qe6 34. d5 Qg4 35. Qxg4 Rxg4 36. Bc2 Rhh4 37. f5 Rxg5 38. fxg6 fxg6 39. Re2 Rhg4 40. h3 Rg1+ 41. Kh2 Kf7 42. Rf2+ Kg7 43. Bd3 Re1 44. Bf1 Rf5 45. Rxf5 gxf5 46. Bd3 Kg6 47. b4 Re3 48. Bf1 Ra3 0-1

[Event "Condino op"]
[Site "Condino"]
[Date "2010.07.27"]
[Round "3"]
[White "Zallocco, Marco"]
[Black "Pretto, Aldo"]
[Result "0-1"]
[WhiteElo "1465"]
[BlackElo "1694"]
[PlyCount "55"]
[EventDate "2010.07.26"]
[EventType "swiss"]
[EventRounds "7"]
[EventCountry "ITA"]
[SourceTitle "CBM 137 Extra"]
[Source "ChessBase"]
[SourceDate "2010.09.01"]
[SourceVersion "1"]
[SourceVersionDate "2010.09.01"]
[SourceQuality "1"]

1. d4 Nf6 2. Bf4 d6 3. Nf3 Nbd7 4. e3 h6 5. Bd3 Nh5 6. Bg3 Nxg3 7. hxg3 Nf6 8. Nbd2 g6 9. c3 Bg7 10. Qc2 Be6 11. Ne4 Ng4 12. Nh2 Nxh2 13. Rxh2 Qd7 14. Nd2 0-0-0 15. 0-0-0 Kb8 16. Kb1 Qe8 17. Bc4 d5 18. Bd3 h5 19. e4 dxe4 20. Bxe4 Rc8 21. f4 f5 22. Bd3 Qf7 23. Qa4 c5 24. dxc5 Rxc5 25. Nf3 Bxc3 26. Rc1 Ra5 27. Qc2 Bxa2+ 28. Ka1 0-1

[Event "Condino op"]
[Site "Condino"]
[Date "2009.07.30"]
[Round "5"]
[White "Pretto, Aldo"]
[Black "Hortensius, Mart"]
[Result "0-1"]
[WhiteElo "1533"]
[BlackElo "1757"]
[PlyCount "71"]
[EventDate "2009.07.27"]
[EventType "swiss"]
[EventRounds "7"]
[EventCountry "ITA"]
[SourceTitle "CBM 131 Extra"]
[Source "ChessBase"]
[SourceDate "2009.09.03"]
[SourceVersion "2"]
[SourceVersionDate "2009.09.16"]
[SourceQuality "1"]

1. Nf3 c5 2. g3 Nc6 3. Bg2 d5 4. 0-0 e5 5. d3 Nf6 6. Nbd2 Bg4 7. Qe1 Qd7 8. e4 dxe4 9. Nxe4 Nxe4 10. Qxe4 f5 11. Qe1 Bd6 12. c3 0-0 13. Bg5 f4 14. Qe4 h6 15. Bh4 Rf7 16. Rae1 g5 17. Bxg5 hxg5 18. Nxg5 Rf5 19. Qc4+ Kh8 20. h4 Rf6 21. f3 Bh5 22. Bh3 Qg7 23. g4 Bf7 24. Nxf7+ Rxf7 25. Kf2 Qh7 26. h5 Rd8 27. Rh1 Be7 28. Bf1 b6 29. d4 exd4 30. Bd3 Qg7 31. h6 Qf8 32. Bf5 Rxf5 33. gxf5 Qxf5 34. h7 Ne5 35. Rxe5 Qxe5 36. Re1 0-1